000 01048cam a22003137a 4500
005 20220329141308.0
008 971010s1983 r 00010 d
010 _a65959
011 _a66931
035 _a75916
090 _aTesis
100 0 0 _aSalcedo Gómez, José Guadalupe.
_9101498
245 1 3 _aLa producción coprera en el estado de Tabasco
260 _aChapingo, Méx. :
_bEl autor,
_c1983
300 _a240 h.
_b: láms. ; ilus.
500 _a1992-726
502 _aTesis (Ing. Agr. Esp. en Fitotecnia) -- UACH. Departamento de Fitotecnia
590 _aALEPH
_b10
_c20130110
_lUCH01
_h1400
590 _aBATCH-UPD
_b10
_c20130109
_lUCH01
_h2315
590 _aBATCH-UPD
_b10
_c20130110
_lUCH01
_h1656
590 _aBATCH-UPD
_b10
_c20130409
_lUCH01
_h1835
590 _aBATCH-UPD
_b10
_c20130914
_lUCH01
_h0955
590 _aCONVERSION
_b10
_c20130109
_lUCH01
_h1336
650 1 4 _aCoco
_xRendimiento.
_924267
650 1 4 _aCoco
_xTabasco.
_924269
650 1 4 _aCopra.
_927898
901 _aBK
949 _bZA
_cTESBD
_d-8918
_eTS1
_h165
_i75916
_si
999 _c65959
_d65959